[Event "Moscow Tal Memorial 7th"]
[Site "Moscow"]
[Date "2012.06.14"]
[Round "6"]
[White "Grischuk, Alexander"]
[Black "Radjabov, Teimour"]
[Result "1/2-1/2"]
[WhiteElo "2761"]
[BlackElo "2784"]
[Annotator "Kritz,L"]
[PlyCount "81"]
[EventDate "2012.06.08"]
[EventType "tourn"]
[EventRounds "9"]
[EventCountry "RUS"]
[EventCategory "22"]
[SourceTitle "CBM 149"]
[Source "ChessBase"]
[SourceDate "2012.07.17"]
[SourceVersion "1"]
[SourceVersionDate "2012.07.17"]
[SourceQuality "1"]

1. e4 c5 2. Nf3 Nc6 3. Bb5 e6 4. Bxc6 bxc6 5. b3 {Dieses System wurde populär
nach dem Weltmeisterschaftskampf zwischen Anand und Gelfand. Die Alternative
ist 5.d3.} (5. d3 Ne7 6. Qe2 (6. b3 d6 7. e5 Ng6 8. h4 Nxe5 9. Nxe5 dxe5 10.
Nd2 c4 11. Nxc4 Ba6 12. Qf3 Qd5 13. Qxd5 cxd5 14. Nxe5 f6 15. Nf3 e5 $44 {
Schwarz hatte ausreichende Kompensation in Anand-Gelfand (Moscow, 2012)}) 6...
Qc7 ({Nach} 6... Ng6 7. h4 Qc7 {kommt Weiß zu gutem Spiel.} 8. h5 Nf4 9. Qd2 e5
10. Qc3 Nxg2+ 11. Kf1 Nf4 12. Bxf4 exf4 13. h6 $44 {Najer-Eljanov (Warsaw,
2005)}) 7. Ng5 e5 8. O-O (8. f4 exf4 9. O-O Ng6 10. Qh5 d6 11. Bxf4 Nxf4 12.
Rxf4 g6 13. Qf3 Bg7 14. Rxf7 Bd4+ 15. Kh1 Qd8 16. c3 Be5 17. Rg7 Qf6 18. Qxf6
Bxf6 19. Rxh7 O-O 20. Na3 Bxg5 $17 {Karjakin-Carlsen (Bilbao, 2007)}) 8... h6
9. Nh3 g5 10. f3 d6 11. Nf2 f5 12. exf5 Bxf5 $11 {Marcelin-Lautier (France,
2003)}) 5... d6 {Gelfand spielte zwei Mal 5...e5 und konnte in beiden Partien
ausgleichen.} (5... e5 6. Nxe5 Qe7 7. d4 (7. Bb2 d6 8. Nc4 (8. Nxc6 Qc7 $19)
8... d5 9. Ne3 d4 10. Nc4 Qxe4+ 11. Qe2 Qxe2+ 12. Kxe2 Be6 {Könnte Weiß seinen
Springer auf a4 stellen, würde seine Stellung besser sein, doch der Springer
kann nicht nach a4 kommen, und daher hält Schwarz das Gleichgewicht.} 13. d3
Nf6 $11 {Anand-Gelfand (Moscow, 2012)}) 7... d6 8. Nxc6 Qxe4+ 9. Qe2 Qxe2+ 10.
Kxe2 Bb7 11. Na5 (11. d5 Ne7 $1 12. Nxe7 Bxe7 13. Nc3 (13. c4 Bf6 $19) (13. Rd1
Bf6 14. c3 Kd7 $44) 13... Bf6 14. Bb2 Kd7 15. Rad1 Rae8+ 16. Kf3 Bd4 $44 {/\Re5
}) 11... Bxg2 12. Rg1 {Anand-Gelfand (Moscow, 2012)} Be4 $1 13. dxc5 dxc5 $11)
6. e5 {Das ist sicherlich die prinzipiellste Fortsetzung.} (6. O-O e5 7. c3 f5
8. exf5 Bxf5 9. d4 cxd4 10. cxd4 e4 $132) 6... dxe5 (6... d5 {Schwarz riskiert
mit dem schlechten Läufer c8 zu verbleiben. Auch der Bauer c5 ist sehr
anfällig.} 7. d3 Ne7 8. O-O Ng6 9. c4 Be7 10. Nc3 {Weiß will mittels Na4-Ba3
gegen den Bauern c5 spielen.} O-O 11. Re1 f6 12. Bb2 fxe5 13. Na4 e4 14. dxe4
d4 15. e5 Nf4 16. Ba3 $14 {Caruana-Radjabov (Moscow, 2012)}) 7. Nxe5 Qd5 {
Schwarz sollte nicht versuchen, den Turm auf a1 zu nehmen.} (7... Qd4 8. Nc4
Qxa1 (8... Ba6 9. Bb2 Qe4+ 10. Ne3 $16) 9. Nc3 Ba6 10. O-O Bxc4 11. bxc4 Bd6
12. Qe2 Nf6 13. Ba3 Qxf1+ 14. Kxf1 O-O-O 15. Na4 $16 {Zhao Jun - Zhang
Pengxiang (Moscow, 2004)}) 8. Nf3 Qe4+ 9. Kf1 (9. Qe2 Qxc2 $15 {Schwarz hat
eine sehr solide Stellung, so dass Weiß keine ausreichende Kompensation
bekommen kann.}) 9... Qf5 (9... Nf6 10. d3 Ba6 11. Qe2 Qd5 12. Nc3 {Weiß
entwickelt seine Figuren. Die Stellung seines Königs spielt dabei keine Rolle,
weil die Stellung geschlossen ist und Schwarz den weißen König nicht angreifen
kann.} Qd8 13. Ne4 Be7 14. Bb2 $16 {Caruana-Vazquez Igarza (Madrid, 2006)}) 10.
Na3 $5 {Es bietet sich an d3 zu spielen, doch Schwarz hat darauf eine starke
Antwort.} (10. d3 Qf6 $1 {Nun muss Weiß c3 spielen und das Feld d3 schwächen:}
11. c3 Ba6 $17) (10. Nc3 $5 {Das könnte allerdings stärker sein, weil das
beste Feld für den Springer das Feld a4 ist.} Nf6 11. d3 Be7 12. h3 h5 13. Bg5
$14) 10... Nf6 11. d3 Nd5 12. Nc4 Ba6 {Nun will Schwarz unter Umständen auf c4
nehmen und es wird ziemlich schwer für Weiß, den Bauern c5 zu gewinnen.} 13.
Qe2 $2 {Erlaubt Schwarz seine Idee sofort durchzuführen.} (13. h3 $5 Bxc4 14.
bxc4 Nf4 (14... Qf6 $4 15. Bg5 $18) 15. g3 Ng6 (15... Nxh3 16. Kg2 $18) 16. Rb1
Bd6 17. Kg2 $14) 13... Bxc4 14. bxc4 Qf6 $1 {Das Spiel wird mehr oder weniger
forciert.} 15. Rb1 (15. d4 Nb6 (15... cxd4 16. cxd5 d3 17. Qe5 $18) 16. Be3 Na4
$11 {Schwarz wird seine Hauptschwäche los und dazu wurde die weiße
Bauernstruktur ruiniert.}) 15... Nc3 16. Bb2 Rb8 (16... Nxe2 17. Bxf6 gxf6 18.
Kxe2 $16 {Weiß hat die bessere Bauernstruktur, Springer gegen Läufer in fast
geschlossener Stellung und die Kontrolle über die b-Linie.}) 17. Qe1 Bd6 18.
Bxc3 {Weiß hat sonst fast nichts zu ziehen.} (18. Nd2 Bf4 19. Ne4 Nxe4 20. Bxf6
Rxb1 21. Qxb1 Nd2+ 22. Ke2 Nxb1 23. Bxg7 Rg8 24. Bb2 Rxg2 $15) 18... Rxb1 19.
Bxf6 {Auch dieser Zug ist erzwungen.} (19. Qxb1 Qxc3 20. g3 (20. Qb7 O-O 21.
Qxc6 Rd8 22. Qa4 Qa1+ 23. Ne1 Rb8 24. Qxa7 g6 25. h4 Rb1 $17) 20... O-O 21. Kg2
Rb8 $17) 19... Rxe1+ 20. Kxe1 gxf6 21. Ke2 Kd7 22. Rb1 Kc7 {Weiß hat
sicherlich einen kleinen Vorteil bekommen, doch die Frage ist, ob man die
schwarze Festung durchbrechen kann. Der Turm hat keine Einbruchsfelder auf der
b-Linie, das Feld e4 wird dem Springer durch den Zug ...f5 genommen.} 23. g4 $1
{Weiß verhindert den Zug ...f5.} h6 (23... h5 $5 {ist ebenfalls spielbar.} 24.
g5 (24. h3 hxg4 25. hxg4 Rg8 26. Rh1 Kd7 27. Rb1 Kc7 $11) (24. gxh5 Rxh5 25.
Rg1 Rh7 26. h4 f5 $11) 24... Be7 25. h4 Rg8 26. gxf6 Bxf6 $11) 24. Nd2 h5 25.
gxh5 (25. h3 hxg4 26. hxg4 Rh2 27. Ne4 Be7 $11) 25... Rxh5 26. Nf3 Rh8 27. a4
$5 {Die Idee von Weiß ist es, a5-a6 zu spielen.} a5 $1 (27... f5 28. a5 a6 (
28... Be7 29. a6 Rb8 30. Rxb8 Kxb8 31. h4 $18) 29. Rb6 Ra8 30. h4 $16) 28. Rg1
Kd7 {Will der Turm auf der g-Linie eindringen, muss der König auf d7 stehen,
um nach Rg7 immer ...Ke7 zu haben.} 29. Nd2 $5 {Weiß sieht die einzige Chance
in einem Bauernopfer und der überführung des Springers nach b3.} Rxh2 30. Nb3 (
30. Ne4 f5 31. Nxd6 Kxd6 32. Rg8 Rh1 33. Ra8 Rc1 34. Kd2 Rf1 35. Ke2 Rc1 $11)
30... Rh8 31. Rg7 (31. Nxa5 Ra8 32. Nb3 Rxa4 $15) 31... Ke7 (31... Rf8 32. Nxa5
Ra8 33. Nb3 Ke7 34. a5 Bc7 35. Rg1 Be5 $11) 32. Nxa5 Ra8 {Nach allen Versuchen
konnte sich Schwarz doch leicht verteidigen.} 33. Nb7 Rxa4 34. Nxd6 Kxd6 35.
Rxf7 f5 36. Rf8 Ra2 37. Kd2 Ra1 38. Rd8+ Kc7 39. Re8 Kd6 40. Rd8+ Kc7 41. Re8
1/2-1/2

[Event "Moscow Tal Memorial 7th"]
[Site "Moscow"]
[Date "2012.06.16"]
[Round "7"]
[White "Radjabov, Teimour"]
[Black "Caruana, Fabiano"]
[Result "1/2-1/2"]
[WhiteElo "2784"]
[BlackElo "2770"]
[Annotator "Ftacnik,L"]
[PlyCount "126"]
[EventDate "2012.06.08"]
[EventType "tourn"]
[EventRounds "9"]
[EventCountry "RUS"]
[EventCategory "22"]
[SourceTitle "CBM 149"]
[Source "ChessBase"]
[SourceDate "2012.07.17"]
[SourceVersion "1"]
[SourceVersionDate "2012.07.17"]
[SourceQuality "1"]

1. d4 Nf6 2. c4 g6 3. Nc3 d5 4. cxd5 Nxd5 5. e4 Nxc3 6. bxc3 Bg7 7. Nf3 c5 8.
Rb1 O-O 9. Be2 cxd4 10. cxd4 Qa5+ 11. Qd2 Qxd2+ 12. Bxd2 {The Grünfeld Defense
also features this interesting type of fight after an early exchange of queens.
Can the defender eliminate the rather active pieces of the opponent?} Rd8 (
12... b6 13. O-O Bb7) 13. d5 Na6 {Caruana is drifting from the main lines
proved to offer equality in this line. Black has had a positive experience
with the transfer of the knight to the f6-square with 13...Nd7.} (13... e6 14.
Bc4 exd5 15. Bxd5 Nc6 16. O-O Ne5 17. Nxe5 Bxe5 18. Be3 Rd6 19. Rfd1 $16 {
1-0 Brestak,J (2300)-Palecek,P/Michalovce 1989 (60)}) (13... Nd7 14. Bb4 Bf8
15. O-O (15. Nd4 Nf6 16. f3 e6 17. Ba5 b6 18. Bd2 h6 19. Nc6 Re8 20. Bc3 Nh5
21. Nd4 exd5 22. Bb5 Re7 23. Bb4 Rc7 24. Bxf8 Kxf8 25. exd5 {1/2-1/2 Cebalo,M 
(2505)-Herzog,J (2200)/Bern 1989 (89)} Bb7 26. d6 Rc5 $17) 15... Nf6 16. Bd3 e6
17. Bc3 Ne8 18. Ne5 exd5 19. exd5 Nc7 20. Be4 Nxd5 21. Rfd1 Be6 22. Bxd5 Bxd5
23. Ng4 {1/2-1/2 Najer,E (2455)-Odeev,H (2430)/Moscow 1998 (26)} Bg7 24. Nf6+
Bxf6 25. Bxf6 Bxa2 $17) 14. Rc1 (14. Bg5 Kf8 15. O-O Nc5 16. Nd2 b6 17. Rfc1
Bd7 18. Be3 Na4 19. Ba6 Bc8 20. Bf1 f5 21. f3 Bf6 (21... Bd7 22. Ba6 Nc3 23.
Rb3 Rac8 24. Kf2 Nxa2 25. Rxc8 Bxc8 $11) 22. Rb4 Bd7 {0-1 Yevseev,D (2503)
-Dvoirys,S (2562)/Novgorod 1999 (64)} 23. Ba6 $14) (14. Bxa6 bxa6 15. O-O (15.
Ba5 Rd7 16. Nd2 f5 {1/2-1/2 Csizmadia,L (2363)-Blasko,I (2336)/Hungary 2008})
15... f5 16. Ba5 Rd7 17. Rfd1 fxe4 18. Ng5 Bb7 19. Ne6 Rc8 20. Nxg7 Kxg7 $17 {
0-1 Riha,A-Dvoirys,S (2590)/Oberwart 1999 (42)}) 14... f5 {Out of two ways to
undermine White's centre the second player chooses the more dubious one. In
future games it is realistic to expect to see a preference for the more
conservative move 14...e6!} (14... e6 $1 15. Bg5 f6 16. Bf4 exd5 17. exd5 Nb4
18. d6 Be6 $11) 15. e5 h6 $6 (15... Rxd5 $5 16. Bc4 Be6 17. O-O h6 18. Be3 Kf8
19. Rb1 Bf7 20. Bxd5 Bxd5 21. Rfd1 $14) 16. Bc4 Kh8 {Even the best chess
players sometimes play one phase of the game not on the highest level. Later
they must often work hard to compensate for the damage.} (16... Kh7 17. h4 Nc5
18. Bb4 (18. Bc3 b5 19. Bxb5 Rb8 20. Bc4 Ba6 21. Bxa6 Nxa6 $14) 18... b6 19.
Bxc5 bxc5 20. d6 Bf8 21. Rb1 a5 22. dxe7 Bxe7 23. Ke2 $14) 17. O-O (17. Ke2 Nc7
18. d6 exd6 19. Bf7 Na6 20. Nh4 $14) 17... g5 (17... Nc7 18. Rfd1 Nxd5 (18...
Rxd5 19. Bb3 Rd7 20. e6 Nxe6 21. Bxe6 Rxd2 22. Rxd2 Bxe6 23. Re1 Bc4 24. Rxe7
$16) 19. Ba5 Be6 20. Bxd8 Rxd8 21. Rc2 Bg8 22. e6 Nb4 23. Rxd8 Nxc2 24. Nh4 Kh7
25. Nxg6 $18) 18. Rfd1 (18. Rfe1 Kh7 19. Bd3 Kg6 20. g4 Rxd5 21. Rxc8 Rxd3 22.
gxf5+ Kxf5 23. Rxa8 Rxf3 24. Rxa7 $16) 18... f4 $6 {Black's counterplay on the
kingside smacks of desperation. The defender was positive, that the normal
moves are leading into a difficult position.} (18... Bd7 19. Re1 Nc5 20. h4 g4
21. Nd4 Rac8 22. Bf4 $16) 19. Bxa6 (19. h3 Bf5 20. h4 Be4 (20... g4 21. Nd4 $18
) 21. hxg5 Bxf3 22. gxf3 hxg5 23. Ba5 b6 24. Bxa6 bxa5 25. Re1 Rab8 26. Kg2 $16
) 19... bxa6 20. Ba5 Rg8 (20... Rd7 21. e6 Rb7 22. h4 g4 23. Nd4 $16) (20...
Re8 21. Rc7 g4 22. Nh4 Kg8 23. d6 exd6 24. exd6 Bf6 25. Ng6 Bf5 26. Nxf4 $16)
21. e6 $2 {Radjabov must have been very happy with his position, but it does
not mean that any normal move will enhance his advantage. White is missing a
golden opportunity to force a near winning superiority.} (21. Rc7 $1 g4 (21...
e6 22. d6 g4 23. Nd4 Bxe5 24. Nc6 $18) 22. Nh4 Bxe5 23. Rxe7 Bf6 24. Rf7 Bb2
25. Re1 Rb8 26. d6 $18) 21... Rb8 22. a4 (22. Rc7 Rb5 23. Be1 Bf6 $14) 22...
Bb7 23. Rc7 g4 (23... Bf6 24. h3 h5 25. Rd7 $16) 24. Nh4 Bf6 25. Nf5 {The
gifted player from Azerbaijan has probably not suspected, that his huge plus
could dissipate into something miniscule. On the way to finish he will ignore
many ideas, that might have made his winning chances more realistic.} (25. g3
$5 f3 26. d6 exd6 27. Rf7 Be5 28. Bc7 Rbc8 29. Nf5 $16) 25... Bxd5 $1 26. Nxe7
Bxe7 27. Rxe7 Rg5 28. Bc7 $6 {The bishop is hitting the rook and the pawn f4,
but the other route via the d2-square might have been more unpleasant for the
defender.} (28. Bd2 $5 Rf5 (28... Rf8 $2 29. Bc3+ Kg8 30. Rxd5 $1 Rxd5 31. Rg7+
Kh8 32. Rd7+ $18) 29. Re1 Kg8 30. Rxa7 $16) 28... Rb4 29. Re8+ $2 {[%mdl 256]
One of the attraction of chess played by human beings are the emotions
reflected in the choices of moves. White must have been becoming nervous about
the difficulties with reaching the goal and it does not help with finding the
best solutions.} (29. Rc1 Re4 (29... Kg8 $2 30. Be5 $1 Rc4 31. Rxc4 Bxc4 32.
Re8+ Kh7 33. Rh8+ Kg6 34. e7 $18) 30. Ba5 Bxe6 31. Bc3+ Kg8 32. Rb1 $16) (29.
g3 $5 fxg3 (29... f3 30. Bf4 Rh5 31. h3 gxh3 32. g4 Rg5 33. Bxg5 Rxg4+ 34. Kh2
Rxg5 35. Rc1 $18) 30. fxg3 Kg8 31. Bf4 Rf5 32. Re8+ Kg7 33. e7 Bf7 34. Ra8 Re4
35. Rxa7 Be8 36. Rxa6 $16) 29... Rg8 (29... Kh7 30. e7 (30. Re1 Rg6 31. Ba5 Re4
32. Rxe4 Bxe4 33. Bc3 Rg8 $14) 30... Re4 31. Bd6 Bc6 32. Rd8 Kg7 $14) 30. Be5+
Kh7 31. Re7+ Kg6 32. Rxa7 Re4 33. Bxf4 {The domination of the white pieces has
become a matter of the past. The lion's share of former advantage has gone up
the chimney.} (33. Bc3 Bb3 34. Rb1 Ba2 35. Rb6 (35. Ra1 Rc8 36. f3 Re2 37. Rg7+
Kf5 38. fxg4+ Kxe6 $11) 35... Rxe6 36. Raxa6 Kf5 37. Rb5+ Kg6 $14) 33... Bb3
34. Rb1 Bxa4 35. Be3 Bb5 {Caruana has survived the unpleasant middlegame and
can now even choose to play a safer line. Sufficient was also the more
enterprising line after 35...Rxe6.} (35... Rxe6 36. Rb4 Bd1 37. Rd7 a5 38. Rbb7
(38. Rf4 Be2 39. Rd2) 38... Bc2 $11) 36. e7 Re8 (36... Rc8 $5 37. h3 g3 38. Re1
Rc6 39. fxg3 Rce6 40. Kf2 Rxe7 $11) 37. Bc5 Rc8 38. Be3 (38. Bd6 Rd4 39. Be5
Rd7 40. Rxd7 Bxd7 $11) 38... Re8 39. Rd1 h5 40. Rd5 h4 41. h3 {Right after the
time control Radjabov indirectly admits his failure. Defence will become very
easy and chances for a win will be purely academic.} (41. Rb7 h3 42. Rb6+ Kf7
43. Rh5 R8xe7 44. gxh3 gxh3 45. Rh7+ Kg8 46. Rxh3 Rg4+ 47. Rg3 Rxg3+ 48. hxg3
Kf7 $11) 41... gxh3 42. gxh3 R4xe7 43. Rxe7 Rxe7 44. Rg5+ (44. Rd4 Rh7 45. f3
Kf5 46. Kf2 Ke5 $11) 44... Kf6 45. Rg4 Rh7 46. Bg5+ Kf7 47. Bxh4 {The white
pawns are isolated and the demise of one will inevitably lead to a drawish
position.} (47. Rf4+ Kg8 48. Bd8 Bd7 49. Kh2 Rf7 $11) 47... Bd7 48. Rf4+ Kg8
49. Kh2 a5 50. Kg3 Rg7+ 51. Kh2 Rh7 52. Rd4 a4 53. Rd3 a3 $1 {The witty
reminder, that Black has nothing to fear any more. Naturally it was also
possible to accept the completely drawish rook endgame.} (53... Rxh4 54. Rxd7
Rf4 55. Kg3 Rf7 56. Rd3 Ra7 57. Ra3 Kf7 $11) 54. Bf6 a2 55. f4 Rf7 56. Be5 Rh7
57. Ra3 Be6 58. Kg2 Kf7 59. Ra7+ Kg8 60. Ra6 Bxh3+ 61. Kg3 Bd7 62. Rxa2 Rh3+
63. Kg2 Rd3 {Black has survived a very precarious middlegame. Radjabov
certainly left the playing arena quite unsatisfied.} 1/2-1/2

[Event "Moscow Tal Memorial 7th"]
[Site "Moscow"]
[Date "2012.06.17"]
[Round "8"]
[White "Radjabov, Teimour"]
[Black "Aronian, Levon"]
[Result "1/2-1/2"]
[WhiteElo "2784"]
[BlackElo "2825"]
[Annotator "Marin,M"]
[PlyCount "90"]
[EventDate "2012.06.08"]
[EventType "tourn"]
[EventRounds "9"]
[EventCountry "RUS"]
[EventCategory "22"]
[SourceTitle "CBM 149"]
[Source "ChessBase"]
[SourceDate "2012.07.17"]
[SourceVersion "1"]
[SourceVersionDate "2012.07.17"]
[SourceQuality "1"]

1. Nf3 d5 2. g3 Bg4 3. Bg2 e6 4. c4 c6 5. O-O ({If} 5. cxd5 {, theory
recommends} Bxf3 6. Bxf3 cxd5 {/\...Nc6, ...Qd7 as the best way to neutralise
White's early initiative.}) 5... Nd7 {This looks like a premature commitment.}
(5... Nf6 $5 {would maintain the aforementioned way of meeting the exchange on
d5.}) 6. cxd5 cxd5 ({With the knight away from the c6- and d4-squares and with
the d7-square unavailable for the queen, giving up the bishop makes little
sense:} 6... Bxf3 7. Bxf3 cxd5 8. Qb3 $14) (6... exd5 {leads to more complex
play, but White's position tends to be more pleasant.}) 7. Qb3 Qb6 {Relatively
best.} (7... Rb8 {is a bit passive:} 8. Nc3 Ne7 9. d4 Bxf3 10. Bxf3 Nc6 11. Rd1
Qb6 12. Bf4 Rc8 13. e4 dxe4 14. Bxe4 $36 {Loginov,V (2510)-Solozhenkin,E (2508)
/St Petersburg 2006/CBM 112 ext (1-0, 23)}) (7... Nc5 {also leads to an
initiative for White after:} 8. Qb5+ Qd7 9. Nc3 a6 10. Qxd7+ Nxd7 11. d3 Ne7
12. Nd4 Nc6 13. Nxc6 bxc6 14. d4 Bd6 15. e4 $14 {Vladimirov,E (2585)-Kharlov,A
(2535)/Tilburg 1993/CBM 039/[Horn,Pe] (1-0, 48)}) 8. Qxb6 Nxb6 ({The knight is
misplaced here, but} 8... axb6 {would create permanent weaknesses.}) 9. Nc3 a6
10. d3 Nf6 11. Ne5 Bh5 12. Be3 Nbd7 13. Nxd7 Nxd7 14. f4 {White is slightly
ahead in development and has a clear plan of advancing his kingside pawns.
With his h5-bishop out of play, Black finds it more difficult to display any
form of activity.} Bb4 15. Kf2 O-O 16. Rfc1 Rfc8 17. h3 Bg6 18. g4 h5 {Maybe
more ambitious than the position allows.} (18... h6 $5) 19. Bf3 (19. f5 $5 {
[%csl Gd5]}) 19... Bh7 (19... hxg4 20. hxg4 {would open the h-file for the
white rooks, putting the black king and light-squared bishop in some danger.})
20. gxh5 $5 {Just a pawn, plus the open file.} Kf8 21. Rg1 Rc7 22. Rg2 Be7 23.
Bd4 Bf6 24. Bxf6 Nxf6 25. Rag1 Ne8 (25... d4 $5) 26. Rg4 {Maybe too slow.} (26.
e4 $5 $14) 26... d4 27. Na4 Rd8 28. Rg5 Bf5 29. b4 Rc2 $132 {Black has managed
to defend his kingside properly and can generate some queenside threats
already.} 30. Nc5 b6 31. Ne4 Rxa2 32. Rc1 Rb2 33. Ra1 Nc7 34. Rag1 Nd5 35. Rxg7
Nxf4 36. Rg8+ Ke7 37. Rxd8 Nxh3+ 38. Kg3 Nxg1 39. Rb8 Nxe2+ 40. Bxe2 Rxe2 41.
Rb7+ Kf8 42. Nd6 {Setting up a drawing mechanism.} Bxd3 43. Rxf7+ Kg8 44. h6
Re5 45. Rg7+ Kf8 1/2-1/2